000 00634nam a22001937a 4500
005 20230727131958.0
040 _curs
050 _aQA 154.2 C48 2004
100 _95654
_aChua, Simon L.
_eauthor
245 _aUnderstanding elementary algebra
_cSimon L. Chua, Josephine Lorenzo-Sy Tan, Andrew D. Del Mundo
260 _aQuezon City
_bSIBS Publishing House, Inc.
_c2004
336 _2rdacontent
_atext
_btxt
337 _2rdamedia
_aunmediated
_bn
338 _2rdacarrier
_avolume
_bnc
650 0 _9192
_aAlgebra.
700 _95655
_aTan, Josephine Lorenzo-Sy
_eauthor
700 _95656
_aDel Mundo, Andrew D.
_eauthor
942 _2lcc
_cF
999 _c72264
_d72263